Plus grandes villes des plus grandes îles du monde - Statistiques

Statistiques générales
  • Ce quiz a été pris 32 fois
  • Le résultat moyen est 11 sur 50
Statistiques - réponses
Île Population Villes % Correct
Grande-Bretagne 8 776 535 Londres
83%
Madagascar 1 274 225 Antananarivo
80%
1 121 408 Birmingham
73%
Java 10 562 088 Jakarta
73%
506 552 Liverpool
73%
536 321 Leeds
70%
Honshū 9 733 276 Tokyo
70%
617 794 Glasgow
63%
2 752 412 Osaka
63%
Nouvelle-Guinée 364 125 Port Moresby
63%
Groenland 19 872 Nuuk
60%
2 332 176 Nagoya
50%
2 444 160 Bandung
43%
2 874 314 Surabaya
40%
Île Sud (Nouvelle-Zélande) 377 900 Christchurch
33%
Sumatra 2 435 252 Medan
23%
3 777 491 Yokohama
23%
Célèbes 1 454 960 Makassar
13%
246 354 Antsirabe
10%
102 400 Dunedin
10%
1 166 066 Bandar Lampung
7%
29 000 Blenheim
7%
49 800 Invercargill
7%
233 859 Jayapura
7%
458 582 Manado
7%
50 800 Nelson
7%
1 668 848 Palembang
7%
387 493 Palu
7%
738 532 Balikpapan
3%
2 543 676 Bekasi
3%
232 440 Bitung
3%
2 056 335 Depok
3%
351 095 Kendari
3%
500 425 Kota Kinabalu
3%
148 934 Lae
3%
35 971 Madang
3%
246 022 Mahajanga
3%
909 040 Padang
3%
325 857 Toamasina
3%
2 951 Aasiaat
0%
678 243 Banjarmasin
0%
191 776 Fianrantsoa
0%
4 963 Illulissat
0%
1 538 262 Kawasaki
0%
983 356 Pekanburu
0%
679 818 Pontianak
0%
3 047 Qaqortoq
0%
Bornéo 861 878 Samarinda
0%
5 412 Sisimiut
0%
37 825 Wewak
0%
Aucun quiz correspondant
Distribution des résultats
% des personnes avec chaque résultat
Percentile par nombre de réponses
Votre historique - résultats
Vous n’avez pas pris ce quiz